Establishment of air conditioning services in Barangay Sampaloc, Tanay, Rizal / (Record no. 73504)

MARC details
000 -LEADER
fixed length control field 01109nam a22002657i 4500
003 - CONTROL NUMBER IDENTIFIER
control field URS
050 14 - LIBRARY OF CONGRESS CALL NUMBER
Classification number HD 30.24
Item number R29925 2014
005 - DATE AND TIME OF LATEST TRANSACTION
control field 20240412231323.0
008 - FIXED-LENGTH DATA ELEMENTS--GENERAL INFORMATION
fixed length control field 190329s2018 ||||| |||| 00| 0 eng d
260 ## - PUBLICATION, DISTRIBUTION, ETC.
Date of publication, distribution, etc. 2014
245 10 - TITLE STATEMENT
Title Establishment of air conditioning services in Barangay Sampaloc, Tanay, Rizal /
Statement of responsibility, etc. Nestor R. Repia, Jr., Rod Jeri R. Rodrigo, Wilmar E. Tating, Benito T. Villamor, Jr.
300 ## - PHYSICAL DESCRIPTION
Extent xx, 117 leaves :
Other physical details illustrations (some colour) ;
Dimensions 28 cm
336 ## - CONTENT TYPE
Source rdacontent
Content type term text
337 ## - MEDIA TYPE
Source rdamedia
Media type term unmediated
338 ## - CARRIER TYPE
Source rdacarier
Carrier type term volume
502 ## - DISSERTATION NOTE
Dissertation note Thesis
Degree type Bachelor of Science in Business Administration
Name of granting institution University of Rizal System Tanay
Year degree granted 2019
504 ## - BIBLIOGRAPHY, ETC. NOTE
Bibliography, etc. note Includes bibliographical references.
650 #0 - SUBJECT ADDED ENTRY--TOPICAL TERM
Topical term or geographic name entry element Feasibility studies
Geographic subdivision Tanay (Rizal, Philippines)
700 1# - ADDED ENTRY--PERSONAL NAME
Personal name Rodrigo, Rod Jeric R.
Relator term author
700 1# - ADDED ENTRY--PERSONAL NAME
Personal name Tating, Wilmar E.
Relator term author
700 1# - ADDED ENTRY--PERSONAL NAME
Personal name Villamor, Benito T.
Relator term author
Titles and other words associated with a name Jr.
700 1# - ADDED ENTRY--PERSONAL NAME
Personal name Pasia, Corazon DJ
Relator term degree supervisor
856 ## - ELECTRONIC LOCATION AND ACCESS
Materials specified Online Request for Student Unpublished Works
Uniform Resource Identifier <a href="https://forms.gle/7LqvGGkaDrUQqz429">https://forms.gle/7LqvGGkaDrUQqz429</a>
942 ## - ADDED ENTRY ELEMENTS (KOHA)
Source of classification or shelving scheme Library of Congress Classification
Koha item type Theses and dissertations

No items available.

University of Rizal System
Email us at univlibservices@urs.edu.ph

Visit our Website www.urs.edu.ph/library